| 000 | 01103 a2200193 4500 | ||
|---|---|---|---|
| 003 | Nust | ||
| 005 | 20221207090938.0 | ||
| 010 | _a 76030855 | ||
| 020 | _a0131604082 : | ||
| 040 | _cNust | ||
| 082 | 0 | 0 | _a621.381548,BUC |
| 100 | 1 |
_aBuchsbaum, Walter H. _9104302 |
|
| 245 | 1 | 0 |
_aComplete guide to digital test equipment / _cWalter H. Buchsbaum. |
| 260 |
_aEnglewood Cliffs, N.J. : _bPrentice-Hall, _cc1977. |
||
| 300 |
_a221 p. : _bill. ; _c24 cm. |
||
| 505 | _aHow the Key Digital Circuits Work (Page-11), How Digital Displays Work (Page-35), How the Digital Multi-Meter Works (Page-51), How to get The Most from your DMM (Page-75), How The Digital Counter Works (Page-93), How to get the Most from your Counter (Page-111), How the Pulse and Word Generators Works (Page-123), How to Get The Most from your Pulse and Word Generator (Page-145), How the Frequency Synthesizer Works (Page-157), How to get The Most from your Synthesis (Page-175), How Logic Testers Work (Page-185), How to get The Most From Your Logic Tester (Page-205). | ||
| 650 | 0 | _aTelecommunication Engineering. | |
| 942 |
_2ddc _cBK |
||
| 999 |
_c182465 _d182465 |
||